000 01331namaa22003251i 4500
005 20260426120442.0
008 260426s1995 ua a|||fr|||| 000 0 eng d
040 _aEG-GICUC
_beng
_cEG-GICUC
_dEG-GICUC
_erda
041 0 _aeng
_beng
_bara
049 _aDeposit
097 _aM.Sc
099 _aCai01.11.14.M.Sc.1995.Sh.C.
100 0 _aSherief Nabhan Kaddah,
_epreparation.
245 1 0 _aCholestatic Disorders Of Infancy /
_cBy Sherief Nabhan Kaddah; Supervisors Prof.Dr. Magdy EL-Barbary, Prof.Dr. Montasser EL-kotby, Dr. Mohamed Assem EL-Fiky.
_bRemainder of title /
246 1 5 _aاليرقان الجراحى في الأطفال /
264 0 _c1995.
300 _a92 pages :
_billustrations ;
_c30 cm. +
336 _2rda content
_atext
337 _2rdamedia
_aUnmediated
338 _2rdacarrier
_avolume
502 _aThesis (M.Sc.)-Cairo University,1995.
504 _aBibliography: pages 76-92.
653 0 _aGeneral Surgery
700 0 _aMagdy EL-Barbary
_ethesis advisor.
700 0 _aMontasser EL-kotby
_ethesis advisor.
700 0 _aMohamed Assem EL-Fiky
_ethesis advisor.
900 _DDepartment of General Surgery
_FFaculty of Medicine
_UCairo University
_b1995
_cMagdy EL-Barbary
_cMontasser EL-kotby
_cMohamed Assem EL-Fiky
905 _aEman El gebaly
942 _2ddc
_cTH
_e21
_n0
999 _c179721